Buddhism & modern world / (Record no. 3002)

MARC details
000 -LEADER
fixed length control field 00518nam a2200157 4500
001 - CONTROL NUMBER
control field 3678
005 - DATE AND TIME OF LATEST TRANSACTION
control field 20181127171747.0
090 00 - LOCALLY ASSIGNED LC-TYPE CALL NUMBER (OCLC); LOCAL CALL NUMBER (RLIN)
Classification number (OCLC) (R) ; Classification number, CALL (RLIN) (NR) 241.7 D5332b 2008
100 00 - MAIN ENTRY--PERSONAL NAME
Personal name Dhammajoti, Beligalle.
245 00 - TITLE STATEMENT
Title Buddhism & modern world /
Remainder of title
Statement of responsibility, etc. Bhikkhu Dr Beligalle Dhammajoti.
Medium
260 00 - PUBLICATION, DISTRIBUTION, ETC.
Place of publication, distribution, etc. Selangor Daruk Ehsan, Malaysia:
Name of publisher, distributor, etc. Kinrana Metta Buddhist Society,
Date of publication, distribution, etc. 2008.
300 00 - PHYSICAL DESCRIPTION
Extent vii, 90 p. ; 21 cm.
650 ## - SUBJECT ADDED ENTRY--TOPICAL TERM
Topical term or geographic name entry element Buddhism and social problems.
Form subdivision
General subdivision
Chronological subdivision
Geographic subdivision
Source of heading or term
Topical term or geographic name entry element Meditation Buddhism.
General subdivision
Topical term or geographic name entry element Spiritual life --Buddhism.
General subdivision
Holdings
Withdrawn status Lost status Source of classification or shelving scheme Damaged status Not for loan Collection code Home library Current library Shelving location Serial Enumeration / chronology Inventory number Total Checkouts Total Renewals Full call number Barcode Date last seen Date last checked out Copy number Price effective from Koha item type Date acquired
    Dewey Decimal Classification     Main TEST RTC Library RTC Library Main opac 6312 1 2 241.7 DHA 30005854 12/11/2019 09/10/2019 4 27/11/2018 Main  
    Dewey Decimal Classification     Main TEST RTC Library RTC Library Main opac 6313 1 1 241.7 DHA 30005899 12/04/2022 12/03/2022 3 27/11/2018 Main 12/03/2022
    Dewey Decimal Classification     Main TEST RTC Library RTC Library Main opac 6314 1   241.7 DHA 30005859 24/08/2022 10/08/2022 2 27/11/2018 Main 10/08/2022
    Dewey Decimal Classification     Main TEST RTC Library RTC Library Main opac 6316 1   241.7 DHA 30005903 04/04/2019 26/03/2019 5 27/11/2018 Main  
    Dewey Decimal Classification     Main TEST RTC Library RTC Library Main opac 6315 1 1 241.7 DHA 30005889 11/10/2022 21/09/2022 1 27/11/2018 Main 21/09/2022
Royal Thimphu College || All Right Reserved